[Event "2nd Bundesliga Ost 2005-6"]
[Site "Austria AUT"]
[Date "2006.01.15"]
[Round "6"]
[White "Siebrecht,S"]
[Black "Timoscenko,G"]
[Result "1/2-1/2"]
[WhiteElo "2429"]
[BlackElo "2502"]

1.d4 d5 2.c4 c6 3.Nc3 Nf6 4.Nf3 a6 5.e3 b5 6.b3 Bg4 7.Be2 e6 8.O-O Nbd7 9.h3 Bf5
10.Bd3 Bxd3 11.Qxd3 Be7 12.e4 dxe4 13.Nxe4 O-O 14.Bf4 Nxe4 15.Qxe4 Qb6 16.Rad1 Rfd8
17.Rfe1 h6 18.Qe2 Bf8 19.Rd3 bxc4 20.bxc4 c5 21.Rb3 Qc6 22.Rd1 cxd4 23.Nxd4 Qa4
24.Rg3 e5 25.Nf5 exf4 26.Nxh6+ Kh7 27.Nxf7 fxg3 28.Ng5+ Kh6 29.Nf7+ Kg6 30.Nh8+ Kh7
31.Qh5+ Kg8 32.Qf7+ Kxh8 33.Qh5+ Kg8 34.Qd5+ Kh8 35.Qh5+ Kg8 36.Qd5+ Kh8  1/2-1/2

[Event "Open A"]
[Site "Prague CZE"]
[Date "2006.01.16"]
[Round "5"]
[White "Mazja,A"]
[Black "Polard,G"]
[Result "1/2-1/2"]
[WhiteElo "2328"]
[BlackElo "2164"]

1.d4 d5 2.c4 c6 3.Nc3 Nf6 4.Nf3 a6 5.e3 b5 6.cxd5 cxd5 7.Bd3 Bb7 8.O-O e6
9.Ne5 Nbd7 10.f4 Bd6 11.Bd2 O-O 12.Rf3 Ne4 13.Rh3 g6 14.Be1 Be7 15.g4 Nxe5
16.fxe5 Nxc3 17.bxc3 f6 18.exf6 Bxf6 19.Bg3 Qe7 20.Qb3 e5 21.Re1 e4 22.Be2 Bg5
23.Be5 Bh4 24.Bg3 Bg5 25.Be5 Bh4 26.Bg3  1/2-1/2

[Event "4th Parsvnath Open"]
[Site "New Delhi IND"]
[Date "2006.01.17"]
[Round "4"]
[White "Ibraev,N"]
[Black "Das,Ar"]
[Result "1/2-1/2"]
[WhiteElo "2523"]
[BlackElo "2402"]

1.Nf3 d5 2.d4 Nf6 3.c4 c6 4.Nc3 a6 5.a4 e6 6.Bg5 a5 7.e3 Be7 8.Bd3 Na6 9.O-O Nb4
10.Be2 O-O 11.Na2 Nxa2 12.Rxa2 b6 13.b3 Bb7 14.Rc2 Ne4 15.Bxe7 Qxe7 16.Nd2 c5
17.cxd5 Bxd5  1/2-1/2

[Event "4th Parsvnath Open"]
[Site "New Delhi IND"]
[Date "2006.01.18"]
[Round "6"]
[White "Sriram,J"]
[Black "Sangma,R"]
[Result "1-0"]
[WhiteElo "2444"]
[BlackElo "2339"]

1.d4 d5 2.c4 c6 3.Nc3 Nf6 4.Nf3 a6 5.e3 b5 6.b3 Bg4 7.Be2 e6 8.O-O Bd6 9.Bb2 Nbd7
10.h3 Bf5 11.Bd3 O-O 12.Bxf5 exf5 13.cxd5 cxd5 14.Qd3 g6 15.a4 b4 16.Ne2 Ne4
17.Rac1 Ra7 18.Ne5 Qh4 19.Rc6 Nb8 20.Rc2 Rb7 21.Nf4 f6 22.Nf3 Qh6 23.Nxd5 g5
24.Rfc1 g4 25.hxg4 Rg7 26.gxf5 Qh3 27.Ne1 Bh2+ 28.Kh1 Rxg2 29.Nxg2 Bg3+ 30.Kg1 Qh2+
31.Kf1 Qh1+ 32.Ke2 Qxg2 33.Qc4 Kh8 34.Qxb4 Bd6 35.Qe1 Ng3+ 36.Kd2 Qxd5 37.fxg3 Qxb3
38.Qe2 Qxa4 39.g4 Nd7 40.Qc4  1-0

[Event "Open"]
[Site "Zagreb CRO"]
[Date "2006.01.19"]
[Round "6"]
[White "Devcic,D"]
[Black "Bukal,V sr"]
[Result "0-1"]
[WhiteElo "2261"]
[BlackElo "2419"]

1.d4 d5 2.c4 c6 3.Nf3 Nf6 4.Nc3 a6 5.c5 Nbd7 6.Bf4 Nh5 7.e3 b6 8.cxb6 Nxf4
9.exf4 Qxb6 10.Bd3 Qxb2 11.Rc1 g6 12.O-O Bh6 13.Qa4 e6 14.Qxc6 Qb7 15.Qa4 Bxf4
16.Rc2 O-O 17.h4 Rb8 18.Ne2 Bd6 19.Rc6 Nb6 20.Qc2 Nc4 21.Rxd6 Nxd6 22.Qc1 Ne4
23.Qf4 Bd7 24.Rb1 Qc8 25.Rc1 Qd8 26.Ne5 Rc8 27.Rb1 f6 28.Nxg6 hxg6 29.Qh6 Rf7
30.f3 Rh7 31.Qxg6+ Rg7 32.Qh6 Nc3 33.Nf4 Nxb1 34.Nh5 Qe7 35.Nxf6+ Kf7 36.Ng4 Rxg4
37.fxg4 Qf6 38.Qh7+ Qg7 39.Bg6+ Kf8 40.Qh5 Be8 41.Bxe8 Rxe8 42.g5 Qxd4+ 43.Kh1 Ke7
44.g6 Rh8 45.Qg5+ Qf6 46.g7 Rxh4+  0-1

[Event "Open"]
[Site "Zagreb CRO"]
[Date "2006.01.19"]
[Round "6"]
[White "Jakovljevic,Vlado"]
[Black "Vukic,R"]
[Result "1/2-1/2"]
[WhiteElo "2385"]
[BlackElo "2249"]

1.Nf3 d5 2.d4 Nf6 3.c4 c6 4.Nc3 a6 5.c5 g6 6.Bf4 Bg7 7.h3 O-O 8.e3 Nbd7 9.Qc2 b5
10.Bd3 Re8 11.g4 Nf8 12.O-O-O N6d7 13.e4 b4 14.Na4 Ne6 15.Be3 dxe4 16.Bxe4 Qc7
17.d5 cxd5 18.Bxd5 Rb8 19.Nd4 Ndxc5 20.Nxc5 Qxc5 21.Qxc5 Nxc5 22.Nc6 Rb5
23.Bc4 Na4 24.Bxb5 Bxb2+ 25.Kc2 axb5 26.Nxb4 Bb7 27.Nd5 e6 28.Nb6 Bxh1 29.Rxh1 Nxb6
30.Bxb6 Bf6 31.Rb1 Ra8 32.Kb3 Ra4 33.Rc1 Be7 34.Bc5 Kf8 35.Bxe7+ Kxe7 36.Rc7+ Kf6
37.Rc5 Rf4 38.g5+ Ke7 39.Rxb5 Rxf2 40.a4 Kd6 41.Rb7 Kc6 42.Re7 Rf4 43.Ka3 Kd6
44.Rb7 e5 45.a5 e4 46.a6 Rf1 47.Rb2 Ra1+ 48.Ra2 Rxa2+ 49.Kxa2 e3 50.a7 e2
51.a8=Q e1=Q 52.Qd8+ Kc6 53.Qc8+ Kb5 54.Qd7+ Kb4 55.Qd4+ Kb5 56.Qd5+ Kb4  1/2-1/2

[Event "IM"]
[Site "Marianske Lazne CZE"]
[Date "2006.01.21"]
[Round "1"]
[White "Plischki,S"]
[Black "Karhanek,P"]
[Result "1-0"]
[WhiteElo "2381"]
[BlackElo "2261"]

1.d4 d5 2.c4 c6 3.Nf3 Nf6 4.Nc3 a6 5.e3 b5 6.c5 Nbd7 7.b4 g6 8.a4 Bb7 9.Bb2 Bg7
10.Be2 O-O 11.O-O Qc7 12.Ra3 e5 13.dxe5 Ng4 14.e4 dxe4 15.Nxe4 Ndxe5 16.Nxe5 Bxe5
17.Bxe5 Qxe5 18.Ng3 Nf6 19.Bf3 Qf4 20.Qb3 Rad8 21.axb5 axb5 22.Ra7 Qb8 23.Rfa1 Qe5
24.Qe3 Qc7 25.Nf5 Rfe8 26.Qc3 gxf5 27.Qxf6 Ra8 28.Rxa8 Bxa8 29.Qxf5 Qe7 30.g3 Bb7
31.Ra7 Qe1+ 32.Kg2 Re7 33.Rxb7  1-0

[Event "Winter Cup"]
[Site "Bucharest ROM"]
[Date "2006.01.22"]
[Round "9"]
[White "Diulger,A"]
[Black "Sanduleac,V"]
[Result "0-1"]
[WhiteElo "2294"]
[BlackElo "2479"]

1.d4 Nf6 2.c4 c6 3.Nc3 d5 4.Nf3 a6 5.c5 Nbd7 6.Bf4 Nh5 7.e3 g6 8.Bg5 Bg7
9.Be2 O-O 10.Nd2 Nhf6 11.f4 Ne8 12.b4 Nc7 13.O-O Ne6 14.Nf3 Nxg5 15.Nxg5 e5
16.Nxf7 Rxf7 17.fxe5 Rxf1+ 18.Bxf1 Qg5 19.Qe1 Bh6 20.Nd1 Nf8 21.e4 Be6 22.Bd3 Qd2
23.Qxd2 Bxd2 24.a3 dxe4 25.Bxe4 Rd8  0-1

[Event "Winter Cup"]
[Site "Bucharest ROM"]
[Date "2006.01.25"]
[Round "12"]
[White "Hamitevici,V"]
[Black "Ardelean,G"]
[Result "1-0"]
[WhiteElo "2284"]
[BlackElo "2442"]

1.d4 d5 2.Nf3 Nf6 3.c4 c6 4.Nc3 a6 5.e3 b5 6.b3 Bg4 7.Be2 Nbd7 8.O-O e6 9.Qc2 Rc8
10.e4 b4 11.e5 bxc3 12.exf6 Nxf6 13.Bg5 Bd6 14.c5 Bb8 15.Ne5 Bf5 16.Bd3 h6
17.Bh4 Bxe5 18.dxe5 Bxd3 19.Qxd3 g5 20.exf6 gxh4 21.Qxc3 Rg8 22.f4 d4 23.Qc4 Qxf6
24.Qxa6 Qd8 25.Rad1 h3 26.g3 Rc7 27.Qa4 Qd5 28.Rf2 Rd7 29.b4 Ke7 30.Qc2 d3
31.Qc3 f6 32.Qe1 Ra8 33.Qf1 Rxa2 34.Rxa2 Qxa2 35.Qxh3 Qb3 36.Qg4 Kf7 37.Qh5+ Ke7
38.Qg4 Kd8 39.Qg8+ Kc7 40.Ra1 Rd8 41.Qf7+ Kb8 42.Ra7 Qd1+ 43.Kg2 Qe2+ 44.Kh3 Qf1+
45.Kh4  1-0

[Event "14th FAJR Open"]
[Site "Tehran IRI"]
[Date "2006.01.25"]
[Round "2"]
[White "Moradiabadi,E"]
[Black "Nooronei,S"]
[Result "1-0"]
[WhiteElo "2470"]
[BlackElo "2144"]

1.d4 d5 2.c4 c6 3.Nf3 Nf6 4.Nc3 a6 5.e3 b5 6.c5 Bg4 7.h3 Bxf3 8.gxf3 Nbd7
9.f4 e6 10.Bd2 g6 11.Qc2 Bg7 12.Bd3 O-O 13.O-O-O a5 14.Rdg1 Ra7 15.h4 h5
16.Ne2 Re8 17.Rg2 Nf8 18.Ng1 Ng4 19.Nf3 f5 20.Ne5 Nxe5 21.fxe5 Kh7 22.Qd1 Ree7
23.Rhg1 Bh6 24.f3 Rg7 25.Qe1 b4 26.Kb1 Rab7 27.Bc2 Ra7 28.Qf2 Raf7 29.Be1 Qd7
30.Qe2 Qc8 31.Ba4 Rd7 32.Bf2 Ra7 33.Kc2 Rac7 34.Kb1 Ra7 35.Bc2 Rae7 36.Bd3 Ra7
37.Re1 Rge7 38.e4 Qe8 39.Be3 Bxe3 40.Qxe3 Rg7 41.Reg1 Rae7 42.Rg5 Ra7 43.Qe2 Rae7
44.Bc2 Ra7 45.Qf1 Rac7 46.R1g2 Rce7 47.Rg1 Qd7 48.exf5 exf5 49.f4 Kh6 50.Bd1 Ref7
51.Bxh5 gxh5 52.Qd1 Kh7 53.Qxh5+ Kg8 54.Qh6 Rxg5 55.Rxg5+ Rg7 56.Kc2 Rxg5
57.Qxg5+ Qg7 58.Qxf5 Qg2+ 59.Kb3 Qf3+ 60.Ka4 Qd1+ 61.Kxa5 Qxd4 62.Qg5+ Kh8
63.Qf6+ Kg8 64.Qxc6 Qxf4 65.Qxd5+ Kh8 66.Qd6 Kg8 67.c6  1-0

[Event "Winter Cup"]
[Site "Bucharest ROM"]
[Date "2006.01.26"]
[Round "13"]
[White "Ionescu,Co"]
[Black "Sanduleac,V"]
[Result "1/2-1/2"]
[WhiteElo "2450"]
[BlackElo "2479"]

1.d4 d5 2.c4 c6 3.Nc3 Nf6 4.Nf3 a6 5.cxd5 cxd5 6.Bf4 Bf5 7.e3 e6 8.Bd3 Bxd3
9.Qxd3 Be7 10.O-O O-O 11.Rac1 Nc6  1/2-1/2

[Event "Gibtelecom Masters"]
[Site "Gibraltar ENG"]
[Date "2006.01.27"]
[Round "4"]
[White "Sundararajan,K"]
[Black "Groffen,H"]
[Result "1-0"]
[WhiteElo "2495"]
[BlackElo "2185"]

1.d4 d5 2.Nf3 Nf6 3.c4 c6 4.Nc3 a6 5.c5 Nbd7 6.Bf4 Nh5 7.e3 Nxf4 8.exf4 b6
9.cxb6 e6 10.Bd3 Bd6 11.Qd2 Qxb6 12.O-O Rb8 13.f5 Nf6 14.fxe6 Bxe6 15.Na4 Qb4
16.Qd1 O-O 17.a3 Qb3 18.Bc2 Qb5 19.b4 Bg4 20.Rb1 Ra8 21.Nc5 Bxf3 22.Qxf3 Qc4
23.Qd1 Bxc5 24.bxc5 Rab8 25.Qd3 Qxd3 26.Bxd3 a5 27.f3 g6 28.Kf2 Nh5 29.g3 Ng7
30.Bc2 Ne6 31.Ke3 Rfe8 32.Kd3 Ng5 33.Ba4 Rxb1 34.Rxb1 Nxf3 35.Bxc6 Re4 36.Rb8+ Kg7
37.Bd7 Re1 38.c6 Rc1 39.Rb7  1-0

[Event "14th FAJR Open"]
[Site "Tehran IRI"]
[Date "2006.01.28"]
[Round "6"]
[White "Gleizerov,E"]
[Black "Shalamberidze,A"]
[Result "1/2-1/2"]
[WhiteElo "2562"]
[BlackElo "2422"]

1.d4 d5 2.c4 c6 3.Nf3 Nf6 4.Nc3 a6 5.Ne5 e6 6.Bf4 dxc4 7.Nxc4 b5 8.Ne5 Bb7
9.e3 Nbd7 10.Be2 c5 11.O-O Nxe5 12.Bxe5 Bd6 13.Bf3 Bxf3 14.Qxf3 Bxe5 15.dxe5 Nd7
16.Rfd1 Ra7 17.Ne4 O-O 18.Nxc5 Nxe5 19.Qe4 Qc7 20.Rac1 Nc4 21.Nd3 Qb7 22.Qxb7 Rxb7
23.b3 Nb6 24.Nc5 Ra7 25.Rd6 Nd5 26.Nxa6 Rfa8 27.e4 Kf8 28.exd5 Rxa6 29.Rxa6 Rxa6
30.dxe6 Rxa2 31.h4 Rb2 32.Rc8+ Ke7 33.exf7 Kxf7 34.Rc3 Rb1+ 35.Kh2 g6 36.Kg3 b4
37.Rf3+ Ke6 38.Kf4 h6 39.Rg3 Kf6 40.Ke4 Rb2 41.Rf3+ Ke6 42.Kd4 Rc2 43.g4 g5
44.hxg5 hxg5 45.Rf5 Rc3 46.Rxg5 Rxb3 47.Ke4 Rc3 48.Rg6+ Kd7 49.g5 Rc5 50.f4 Rb5
51.Rg7+ Kd6 52.Rh7 b3 53.Rh1 b2 54.Rb1 Ke6  1/2-1/2

[Event "Open"]
[Site "Moscow RUS"]
[Date "2006.01.29"]
[Round "1"]
[White "Ulko,J"]
[Black "Tchernyi,V"]
[Result "1-0"]
[WhiteElo "2477"]
[BlackElo "2263"]

1.d4 d5 2.c4 c6 3.Nf3 Nf6 4.Nc3 a6 5.cxd5 cxd5 6.Ne5 e6 7.Bf4 Be7 8.e3 Nfd7
9.Bd3 Nc6 10.Nxc6 bxc6 11.O-O c5 12.Qc2 Kf8 13.Na4 g5 14.Bg3 c4 15.Be2 h5
16.h3 a5 17.b3 Ba6 18.bxc4 Bxc4 19.Bxc4 Rc8 20.Nc5 dxc4 21.Rfd1 Kg8 22.Qxc4  1-0

[Event "Gibtelecom Masters"]
[Site "Gibraltar ENG"]
[Date "2006.01.30"]
[Round "7"]
[White "Peek,Mar"]
[Black "Agrest,E"]
[Result "1/2-1/2"]
[WhiteElo "2375"]
[BlackElo "2591"]

1.d4 d5 2.c4 c6 3.Nf3 Nf6 4.Nc3 a6 5.a4 e6 6.Bg5 Nbd7 7.a5 h6 8.Bh4 dxc4
9.e4 g5 10.Bg3 Bb4 11.Qa4 Bxc3+ 12.bxc3 Nxe4 13.Qxc4 Nxg3 14.hxg3 g4 15.Nd2 Nf6
16.Qd3 Qc7 17.Nc4 Bd7 18.Rb1 Kf8 19.Qd2 Kg7 20.Bd3 c5 21.Ne5 cxd4 22.cxd4 Rac8
23.Rxh6 Rxh6 24.Qg5+ Kf8 25.Qxh6+ Ke7 26.Qg7 Be8 27.Ng6+ Kd7 28.Qxf6 Qxa5+
29.Ke2 fxg6 30.Rxb7+ Rc7 31.Qg7+ Kc8 32.Rxc7+ Qxc7 33.Bxa6+ Kd8 34.Qxc7+ Kxc7
35.Ke3 g5 36.Be2 Bh5 37.Bd1 Kd6 38.Bc2 Be8 39.Bd1 Bh5 40.Be2  1/2-1/2

[Event "ch-Kyiv"]
[Site "Kyiv UKR"]
[Date "2006.02.01"]
[Round "10"]
[White "Goncharov,O"]
[Black "Kernazhitsky,L"]
[Result "0-1"]
[WhiteElo "2172"]
[BlackElo "2355"]

1.d4 d5 2.c4 c6 3.Nf3 Nf6 4.Nc3 a6 5.e3 b5 6.c5 g6 7.Bd2 a5 8.Ne5 Bg7 9.f4 O-O
10.Bd3 Bf5 11.Bxf5 gxf5 12.g4 Nxg4 13.Nxg4 fxg4 14.Qxg4 f5 15.Qf3 Nd7 16.Nxd5 cxd5
17.Qxd5+ Kh8 18.c6 Nb6 19.Qxb5 Nd5 20.Rc1 e6 21.Rc5 Qh4+ 22.Kd1 Rfb8 23.Qd3 Qh3
24.Kc2 Qg2 25.Rb5 Qxh1  0-1

[Event "11th HIT Open A"]
[Site "Nova Gorica SLO"]
[Date "2006.02.01"]
[Round "9"]
[White "Srebrnic,A"]
[Black "D'Innocente,S"]
[Result "1-0"]
[WhiteElo "2291"]
[BlackElo "2306"]

1.d4 d5 2.Nf3 Nf6 3.c4 c6 4.Nc3 a6 5.c5 Bg4 6.Ne5 Bf5 7.Qb3 Ra7 8.f3 g6 9.g4 Be6
10.Be3 Bg7 11.Bf2 h5 12.gxh5 Nxh5 13.Nd3 Nd7 14.a4 O-O 15.O-O-O Qc7 16.Kb1 Rb8
17.Qa3 a5 18.e4 Ndf6 19.Be2 dxe4 20.fxe4 Bg4 21.Rde1 Bxe2 22.Rxe2 Ng4 23.e5 Nxf2
24.Rxf2 Qd7 25.Ne2 Rf8 26.Qb3 Raa8 27.Rhf1 e6 28.Ndf4 Nxf4 29.Rxf4 Bh6 30.Rf6 Kg7
31.h4 Qd5 32.Qd3 Kg8 33.Nc3 Qb3 34.h5 Bg7 35.hxg6  1-0

[Event "TCh-FRA Top 16 Gp A"]
[Site "Paris FRA"]
[Date "2006.02.05"]
[Round "3"]
[White "Sakaev,K"]
[Black "Prie,E"]
[Result "1/2-1/2"]
[WhiteElo "2649"]
[BlackElo "2467"]

1.d4 d5 2.c4 c6 3.Nf3 Nf6 4.Nc3 a6 5.e3 b5 6.c5 Bg4 7.h3 Bxf3 8.Qxf3 Nbd7
9.g4 Qa5 10.Bd2 b4 11.g5 bxc3 12.Bxc3 Qc7 13.gxf6 Nxf6 14.Bd3 g6 15.O-O-O Bg7
16.h4 h5 17.Qg2 Ng4 18.Rde1 e6 19.f3 Nh6 20.e4 O-O 21.e5 Rfe8 22.Re2 Qd7
23.Ba5 Nf5 24.Qf2 Kh7 25.Kb1 Bh6 26.f4 Rg8 27.Rc2 Bf8 28.Rc3 Be7 29.Rb3 Rgb8
30.Ra3 Bd8 31.Bxd8 Qxd8 32.Ra4 a5 33.Qe1 Rb7 34.Rh2 Re7 35.Bxf5 exf5 36.Re2 Kg7
37.Re3 Kf8 38.Rb3 Rea7 39.Kc1 Ke7 40.Rb6 Ra6 41.Rb7+ Ke6 42.Rb3 Rb8 43.Qg3 Rxb3
44.axb3 Ra8 45.Qe1 Qb8 46.b4 Qb5 47.Rxa5 Qc4+ 48.Qc3 Qf1+ 49.Kc2 Rb8 50.Ra7 Qe2+
51.Qd2 Qc4+ 52.Qc3 Qe2+ 53.Qd2 Qc4+  1/2-1/2

[Event "Premier"]
[Site "Portsmouth ENG"]
[Date "2006.02.17"]
[Round "1"]
[White "Mansson,J"]
[Black "Gormally,D"]
[Result "0-1"]
[WhiteElo "2114"]
[BlackElo "2573"]

1.Nf3 d5 2.d4 Nf6 3.c4 c6 4.Nc3 a6 5.c5 Nbd7 6.Bf4 Nh5 7.e3 g6 8.Bd3 Bg7
9.O-O O-O 10.h3 Nxf4 11.exf4 b6 12.cxb6 Nxb6 13.Ne5 Qd6 14.Qf3 f6 15.Ng4 e5
16.fxe5 fxe5 17.Qg3 Bxg4 18.hxg4 Rad8 19.dxe5 Bxe5 20.Qh3 Nd7 21.Rae1 Nc5
22.Bc2 Bd4 23.Qh4 Rd7 24.g5 Bg7 25.f4 Rdf7 26.f5 gxf5 27.g4 Bxc3 28.bxc3 Ne4
29.Rxf5 Qc5+ 30.Kh1 Qxc3 31.Bxe4 dxe4 32.Rxe4 Rxf5 33.gxf5 Qf3+ 34.Kh2 Rb8
35.Rb4 Qe2+ 36.Kh3 Qd3+  0-1

[Event "22nd Open"]
[Site "Cappelle la Grande FRA"]
[Date "2006.02.21"]
[Round "5"]
[White "Petkov,V"]
[Black "Makropoulou,M"]
[Result "0-1"]
[WhiteElo "2512"]
[BlackElo "2284"]

1.d4 d5 2.c4 c6 3.Nf3 Nf6 4.Nc3 a6 5.Ne5 Nbd7 6.cxd5 Nxe5 7.dxe5 Nxd5 8.Qb3 e6
9.Bd2 Be7 10.Rd1 Qc7 11.f4 O-O 12.e4 Nxc3 13.Qxc3 c5 14.Be3 b5 15.b3 Bb7
16.Bd3 Rac8 17.O-O Qc6 18.Qe1 c4 19.bxc4 bxc4 20.Bc2 Rfd8 21.Rb1 Bc5 22.Rf2 Rd7
23.f5 Bxe3 24.Qxe3 Qc5 25.Qf4 Rcd8 26.Rf1 exf5 27.exf5 Rd2 28.f6 Rxc2 29.Qg5 g6
30.Qh6 Qxf2+ 31.Rxf2 Rd1+  0-1

[Event "TCh-HUN 2005-6"]
[Site "Hungary HUN"]
[Date "2006.02.26"]
[Round "8"]
[White "Nagy,Danie"]
[Black "Feher,T"]
[Result "0-1"]
[WhiteElo "2254"]
[BlackElo "2263"]

1.d4 d5 2.Nf3 Nf6 3.c4 c6 4.Nc3 a6 5.a4 e6 6.Bg5 Nbd7 7.e3 Qa5 8.Nd2 Bb4
9.Bxf6 Nxf6 10.Qc2 O-O 11.Bd3 Re8 12.O-O e5 13.dxe5 Rxe5 14.cxd5 cxd5 15.Nb3 Qc7
16.Ne2 Qe7 17.Nbd4 g6 18.Rfc1 Bd6 19.Ng3 Ng4 20.Be2 h5 21.Nf1 Qh4 22.g3 Qh3
23.Bf3 Nf6 24.Bg2 Qd7 25.Nd2 h4 26.N2f3 Rh5 27.Nxh4 Qe7 28.Nhf3 Bg4 29.h4 Ne4
30.Nh2 Bd7 31.Qb3 Rb8 32.Bf3 Rxh4 33.Qxd5 Nxg3 34.fxg3 Qxe3+ 35.Kg2 Bh3+
36.Kh1 Rxd4 37.Re1 Qf2 38.Re2 Rxd5 39.Rxf2 Bxg3 40.Re2 Rdd8 41.Nf1 Bf4 42.Ne3 Rd3
43.Bg4 Bxg4 44.Nxg4 Kg7 45.Kg1 Rg3+ 46.Rg2 Rxg2+ 47.Kxg2 Rd8 48.Kf3 Rd4 49.b3 g5
50.Nf2 f5 51.Rg1 Kf6 52.Rh1 g4+ 53.Ke2 Rd2+ 54.Ke1 Rb2 55.Rf1 Bg3  0-1

[Event "2nd ch-SCG"]
[Site "Pancevo SCG"]
[Date "2006.03.04"]
[Round "6"]
[White "Antic,De"]
[Black "Tadic,B"]
[Result "1/2-1/2"]
[WhiteElo "2505"]
[BlackElo "2491"]

1.d4 d5 2.c4 c6 3.Nf3 Nf6 4.Nc3 a6 5.c5 Nbd7 6.Bf4 Nh5 7.Bd2 Nhf6 8.Qc2 g6
9.g3 Bg7 10.Bg2 O-O 11.O-O Re8 12.Rad1 b5 13.b4 a5 14.a3 axb4 15.axb4 Qc7
16.Rfe1 Nf8 17.Bf4 Qb7 18.Ne5 Bf5 19.Qb3 Red8 20.h3 h5 21.f3 Be6 22.g4 N6d7
23.Nxd7 Qxd7 24.e3 f5 25.gxh5 gxh5 26.Ne2 Bf6 27.Be5 Ng6 28.f4 Nh4 29.Kh2 Kh7
30.Rg1 Rg8 31.Bh1 Qa7 32.Rxg8 Bxg8 33.Kg3 Ng6 34.Bf3 Qa3 35.Qxa3 Rxa3 36.Bxf6 exf6
37.Bxh5 Rxe3+ 38.Bf3 Ra3 39.Kf2 Nh4 40.Ng1 Bf7 41.Re1 Kg7 42.Re3 Ra2+ 43.Kg3 Nxf3
44.Nxf3 Rb2 45.Nh4 Rxb4 46.Nxf5+ Kf8 47.Kg4 Rb1 48.Nd6 Rd1 49.Ra3 Be6+ 50.Kh5 Rxd4
51.Ra8+ Ke7 52.Ra7+ Kd8 53.f5 Bd7 54.Kg6 Ra4 55.Rb7 d4  1/2-1/2

[Event "LXIII ch-POL"]
[Site "Krakow POL"]
[Date "2006.03.06"]
[Round "10"]
[White "Bobras,P"]
[Black "Grabarczyk,M"]
[Result "1/2-1/2"]
[WhiteElo "2531"]
[BlackElo "2479"]

1.d4 d5 2.c4 c6 3.Nc3 Nf6 4.Nf3 a6 5.c5 Nbd7 6.Bf4 Nh5 7.e3 Nxf4 8.exf4 g6
9.h4 Nf6 10.Ne5 Bg7 11.Be2 h5 12.f3 Nd7 13.Bd3 Bh6 14.Ne2 Nxe5 15.fxe5 Qa5+
16.Kf2 Qd2 17.Qxd2 Bxd2 18.Rhd1 Ba5 19.Rdb1 Bf5 20.Bxf5 gxf5 21.b4 Bc7 22.a4 Kd7
23.b5 cxb5 24.axb5 axb5 25.Rxa8 Rxa8 26.Rxb5 Kc6 27.Rb3 Ra2 28.Ke3 Ba5 29.Rd3 Be1
30.Rd1 Ba5 31.g3 Ra3+ 32.Kf2 Ra2 33.Ke3 Ra3+ 34.Rd3 Rxd3+ 35.Kxd3 Be1 36.g4 Bxh4
37.gxh5 Bg5 38.Nc3 e6 39.Na4 Bh6 40.Nb6 Kc7 41.Kc3 Be3 42.Kb4  1/2-1/2

[Event "XXII Open"]
[Site "Reykjavik ISL"]
[Date "2006.03.06"]
[Round "1"]
[White "Vasilevich,T"]
[Black "Berg,R"]
[Result "1/2-1/2"]
[WhiteElo "2385"]
[BlackElo "2128"]

1.d4 d5 2.c4 c6 3.Nf3 Nf6 4.Nc3 a6 5.Ne5 g6 6.g3 Bg7 7.Bg2 O-O 8.O-O e6 9.h3 Nfd7
10.f4 f5 11.Be3 Nf6 12.b4 dxc4 13.Nxc4 Nd5 14.Bxd5 exd5 15.Ne5 Nd7 16.a4 Qb6
17.Qb3 Nxe5 18.fxe5 Be6 19.b5 axb5 20.axb5 f4 21.Rxa8 Rxa8 22.gxf4 Bxh3 23.Rf3 Bf5
24.Bf2 Kh8 25.Qd1 Bf8 26.Kh2 Be7 27.bxc6 bxc6 28.Qe1 Ra3 29.Qc1 Qa6 30.Qb2 Kg7
31.Qb8 Qa8 32.Qc7 Ra7 33.Qb6 Ra6 34.Qc7 Ra7 35.Qb6 Ra6 36.Qc7 Ra7  1/2-1/2

[Event "LXIII ch-POL"]
[Site "Krakow POL"]
[Date "2006.03.08"]
[Round "12"]
[White "Dziuba,M"]
[Black "Grabarczyk,M"]
[Result "1-0"]
[WhiteElo "2491"]
[BlackElo "2479"]

1.d4 d5 2.Nf3 Nf6 3.c4 c6 4.Nc3 a6 5.e3 b5 6.c5 g6 7.Ne5 Nfd7 8.f4 Nxe5 9.fxe5 f6
10.exf6 exf6 11.e4 Bg7 12.Be2 O-O 13.O-O b4 14.Na4 dxe4 15.Qb3+ Kh8 16.Nb6 Ra7
17.Nxc8 Qxc8 18.Qxb4 f5 19.Bf4 a5 20.Qc3 Na6 21.Qxa5 Bxd4+ 22.Kh1 Qb7 23.Bd6 Re8
24.Rad1 Nxc5 25.Qe1 Ne6 26.b4 Bg7 27.Bc4 Raa8 28.Qe3 Qa7 29.Qg3 Rad8 30.h4 Nd4
31.Bc5 Qb7 32.Qe3 Nc2 33.Qg5 Nd4 34.h5 gxh5 35.Qxh5 e3 36.Rxd4 Bxd4 37.Bxd4+ Rxd4
38.Qxe8+ Kg7 39.Qe5+  1-0

[Event "XXII Open"]
[Site "Reykjavik ISL"]
[Date "2006.03.08"]
[Round "3"]
[White "Sargissian,G"]
[Black "Pavlovic,Milo"]
[Result "1-0"]
[WhiteElo "2603"]
[BlackElo "2494"]

1.d4 d5 2.c4 c6 3.Nf3 Nf6 4.Nc3 a6 5.cxd5 cxd5 6.Bf4 Nc6 7.Rc1 Ne4 8.Ne5 Nxc3
9.Rxc3 Bd7 10.Qb3 Nxe5 11.Bxe5 Bc6 12.e3 e6 13.Be2 Bd6 14.Bxd6 Qxd6 15.O-O O-O
16.Rfc1 Rfc8 17.a4 g6 18.g3 Re8 19.Qb6 e5 20.Bd3 Qd7 21.a5 e4 22.Bf1 h5 23.h4 Re6
24.Bh3 f5 25.b4 Kh7 26.Bf1 Kh6 27.Be2 Qe7 28.Kf1 Qd7 29.Ke1 Qe7 30.Kd2 Qf6
31.Qc7 Rd6 32.Rc5 Rad8 33.R1c3 R8d7 34.Qb8 Rd8 35.Qc7 f4 36.gxf4 Qxh4 37.b5 axb5
38.a6 b4 39.Rc1 R8d7 40.Qb6 Qd8 41.Qxb4 Qa8 42.Ra5 bxa6 43.Rxa6 Qb7 44.Qc5  1-0

[Event "XXII Open"]
[Site "Reykjavik ISL"]
[Date "2006.03.08"]
[Round "3"]
[White "Thorfinnsson,Bj"]
[Black "Berg,R"]
[Result "1-0"]
[WhiteElo "2337"]
[BlackElo "2128"]

1.d4 d5 2.c4 c6 3.Nf3 Nf6 4.Nc3 a6 5.a4 e6 6.e3 Nbd7 7.Qc2 Bd6 8.g4 Nxg4
9.Rg1 Nxh2 10.Nxh2 Bxh2 11.Rxg7 Qf6 12.Rxh7 Rxh7 13.Qxh7 Bd6 14.e4 Nf8 15.Qh1 dxe4
16.c5 Bc7 17.Nxe4 Qxd4 18.Bd2 Qxb2 19.Rd1 Qe5 20.Be2 Qh2 21.Qf3 Qg1+ 22.Bf1 f5
23.Bg5 Qh2 24.Bh3 Ng6 25.Qh5 Qe5 26.Qxg6+ Kf8 27.Bh6+ Ke7 28.Qh7+  1-0

[Event "Victor Ciocaltea Mem"]
[Site "Bucharest ROM"]
[Date "2006.03.09"]
[Round "2"]
[White "Ionescu,M"]
[Black "Murariu,A"]
[Result "0-1"]
[WhiteElo "2389"]
[BlackElo "2461"]

1.d4 d5 2.c4 c6 3.Nf3 Nf6 4.Nc3 a6 5.a4 e6 6.Bg5 a5 7.e3 Be7 8.Rc1 Na6 9.Bd3 Nb4
10.Bb1 O-O 11.O-O b6 12.Ne5 Nd7 13.Bxe7 Qxe7 14.Nxd7 Qxd7 15.cxd5 exd5 16.Na2 Ba6
17.Re1 Rac8 18.Nxb4 axb4 19.Bd3 Bb7 20.b3 Qd6 21.Re2 Rc7 22.a5 bxa5 23.Rc5 f5
24.g3 g5 25.Rxa5 h5 26.Rc2 h4 27.Ra7 hxg3 28.fxg3 Rg7 29.Qf3 Qb8 30.Ra1 f4
31.Rf1 g4 32.Qf2 f3 33.Qd2 Qd6 34.Ra2 Re7 35.Kf2 Qh6 36.h4 gxh3 37.Raa1 h2
38.Rh1 Rg7 39.Kf1 Qh3+  0-1

[Event "TCh-FIN 2005-6"]
[Site "Espoo FIN"]
[Date "2006.03.11"]
[Round "8"]
[White "Kulaots,K"]
[Black "Kanep,M"]
[Result "1/2-1/2"]
[WhiteElo "2558"]
[BlackElo "2516"]

1.d4 d5 2.Nf3 Nf6 3.c4 c6 4.Nc3 a6 5.e3 e6 6.b3 Bb4 7.Bd2 Nbd7 8.Bd3 O-O
9.O-O Qe7 10.Qe1 Bd6 11.e4 dxc4 12.bxc4 e5 13.c5 Bc7 14.Nh4 exd4 15.Nf5 Qd8
16.Na4  1/2-1/2

[Event "TCh-FIN 2005-6"]
[Site "Espoo FIN"]
[Date "2006.03.11"]
[Round "8"]
[White "Ristoja,J"]
[Black "Mertanen,J"]
[Result "1-0"]
[WhiteElo "2310"]
[BlackElo "2290"]

1.d4 d5 2.c4 c6 3.Nc3 Nf6 4.Nf3 a6 5.e3 Bf5 6.Be2 e6 7.Nh4 Bg6 8.Qb3 Ra7
9.Nxg6 hxg6 10.e4 Nxe4 11.Nxe4 dxe4 12.Be3 Qa5+ 13.Kf1 c5 14.Rd1 Bd6 15.a3 f5
16.dxc5 Bxc5 17.Bf4 O-O 18.Qg3 g5 19.Bxg5 f4 20.Qg4 Rf5 21.b4 Qc7 22.bxc5 Nc6
23.h4 Qe5 24.Rh3 Nd4 25.Be7 Ra8 26.Bd6 Qf6 27.Kg1 f3 28.Bf1 fxg2 29.Bxg2 Rxf2
30.Qxe4 Ne2+ 31.Kh1  1-0

[Event "XXII Open"]
[Site "Reykjavik ISL"]
[Date "2006.03.11"]
[Round "6"]
[White "Thorfinnsson,Br"]
[Black "Bjarnason,O"]
[Result "1/2-1/2"]
[WhiteElo "2367"]
[BlackElo "2255"]

1.d4 d5 2.c4 c6 3.Nc3 Nf6 4.Nf3 a6 5.e3 b5 6.b3 Bg4 7.h3 Bxf3 8.gxf3 e6 9.c5 g6
10.Bd3 Nh5 11.f4 Ng7 12.Bb2 Nd7 13.Ne2 a5 14.a3 Nf5 15.Ng1 Bg7 16.Qc2 a4
17.b4 Qc7 18.O-O-O O-O-O 19.Kb1 Kb7 20.Ne2 Ra8 21.Nc3 Rhb8 22.Qe2 Kc8 23.Rhg1 Nf6
24.Rc1 Kd8 25.f3 Nh5 26.Nd1 Ke8 27.Bc2 Kf8 28.Qf2 Rd8 29.Nc3 Qe7 30.Ne2 Qh4
31.Qxh4 Nxh4 32.Rcf1 Bh6 33.Bc1 Nf5 34.Rd1 Bg7 35.Rge1 Nh4 36.Rf1 Nf5 37.Bd3 Nhg3
38.Nxg3 Nxg3 39.Rg1 Nf5 40.Kc2 Ra7 41.Kd2 Bf6 42.Bb2 Rad7 43.Ke2 h5 44.Bb1 Bh4
45.Rd2 Ng3+ 46.Kd3 Nf5 47.Re2 Ng3 48.Rd2 Nf5 49.Rgd1 Bf6 50.Ke2 Ke8 51.Bc2 Ng3+
52.Kd3 Nf5 53.Ba1 Bg7 54.Ke2 Ng3+ 55.Kf2 Nf5 56.Ke2 Ng3+ 57.Kd3 Nf5 58.Re1 Kf8
59.Kc3 Bf6 60.Kb2 Bh4 61.Ree2 Ng3 62.Rg2 Nf5 63.Rd3 Bf6 64.Kb1 Ke8 65.Rgd2 Bg7
66.Bb2 Ke7 67.Re2 Kf8 68.Rd1 Nh4 69.Rf2 Nf5 70.Re2  1/2-1/2

[Event "TCh-BEL 2005-6"]
[Site "Belgium BEL"]
[Date "2006.03.12"]
[Round "10"]
[White "Bertrem,S"]
[Black "Gulbas,C"]
[Result "0-1"]
[WhiteElo "2148"]
[BlackElo "2375"]

1.d4 d5 2.c4 c6 3.Nc3 Nf6 4.Nf3 a6 5.a4 e6 6.Bg5 dxc4 7.e4 b5 8.axb5 cxb5
9.e5 h6 10.Bd2 Nd5 11.Nxb5 axb5 12.Rxa8 Bb7 13.Ra1 Nc6 14.Be2 Qb6 15.O-O Be7
16.Be3 Ncb4 17.Qd2 O-O 18.Bxh6 gxh6 19.Qxh6 Rc8 20.Ra3 c3 21.Rd1 Qd8 22.h4 Qf8
23.Qh5 Qg7 24.Ng5 Nf4 25.Qg4 Nbd5 26.Ra7 Nxe2+ 27.Qxe2 c2 28.Rc1 Nf4 29.Qxb5 Bxg5
30.Qxb7 Qf8 31.Qe4 Ne2+ 32.Qxe2 Bxc1 33.Qg4+ Qg7 34.Qe4 Bxb2  0-1